000
00255nam a22001097a 4500
082
_a
355 HAL'C
100
_a
HALPERIN, MORTON H
_9
48793
245
_a
CONTEMPORARY MILITARY STRATEGY
260
_a
BOSTON
_b
LITTLE BROWN
_c
1966
300
_a
156P
942
_c
BK
999
_c
582210
_d
582210